တရားအားထုတ်သူအဆင့်ဝိပဿနာသင်ပုန်းကြီးဖတ်စာ ၊ (Record no. 25220)

000 -LEADER
fixed length control field 01179nam a22001937a 4500
005 - DATE AND TIME OF LATEST TRANSACTION
control field 20260115101030.0
008 - FIXED-LENGTH DATA ELEMENTS--GENERAL INFORMATION
fixed length control field 230605b ||||| |||| 00| 0 eng d
040 ## - CATALOGING SOURCE
Transcribing agency SSBUL
Modifying agency SSBUL
082 ## - DEWEY DECIMAL CLASSIFICATION NUMBER
Edition number 23
Classification number ၂၉၄.၃၄၄၃၅
Item number ခေ
100 ## - MAIN ENTRY--PERSONAL NAME
Personal name ခေမာနန္ဒ၊
Titles and words associated with a name အရှင်၊
Miscellaneous information (ရန်ကင်းတောရ)သပြေပင်။
9 (RLIN) 24649
245 10 - TITLE STATEMENT
Title တရားအားထုတ်သူအဆင့်ဝိပဿနာသင်ပုန်းကြီးဖတ်စာ ၊
Number of part/section of a work တတိယပိုင်း /
Statement of responsibility, etc. အရှင်ခေမာနန္ဒ(ရန်ကင်းတောရ)သပြေပင်။
250 ## - EDITION STATEMENT
Edition statement တတိယအကြိမ်။
260 ## - PUBLICATION, DISTRIBUTION, ETC.
Place of publication, distribution, etc. ရန်ကုန်၊
Name of publisher, distributor, etc. ရွှေနိုင်ငံစာပေ၊
Date of publication, distribution, etc. ၂၀၁၄။
300 ## - PHYSICAL DESCRIPTION
Extent င၊ ၄၄ စာမျက်နှာ၊
Dimensions ၂၁ စင်တီ။
440 ## - SERIES STATEMENT/ADDED ENTRY--TITLE
Title ရန်ကင်းတောင်စာစဉ်၊
Volume/sequential designation ၁၅။
9 (RLIN) 24623
500 ## - GENERAL NOTE
General note S-KN: Ashin Khemānanda
650 ## - SUBJECT ADDED ENTRY--TOPICAL TERM
Topical term or geographic name entry element ဗုဒ္ဓဘာသာ
General subdivision ဝိပဿနာ။
9 (RLIN) 24652
942 ## - ADDED ENTRY ELEMENTS (KOHA)
Source of classification or shelving scheme
Koha item type Books (Long term)
Edition 23
Classification part ၂၉၄.၃၄၄၃၅
Call number prefix ခေ
Holdings
Withdrawn status Lost status Source of classification or shelving scheme Damaged status Not for loan Collection code Permanent Location Current Location Shelving location Date acquired Total Checkouts Full call number Barcode Date last seen Price effective from Koha item type Accession
          Special Collections Shan State Buddhist University Library Shan State Buddhist University Library Special Collection Shelves 05/06/2023   ၂၉၄.၃၄၄၃၅ ခေ ၁၆၇၁၈(၂) S-KN MB00016718 05/06/2023 05/06/2023 Book (Short term) ၁၆၇၁၈(၂) ခေ S-KN
          Myanmar Collection Shan State Buddhist University Library Shan State Buddhist University Library Myanmar Shelves 05/06/2023   ၂၉၄.၃၄၄၃၅ ခေ ၁၁၉၉၆ MB00011996 05/06/2023 05/06/2023 Books (Long term) ၁၁၉၉၆

Library - 09407999929
Admin Office - 09407999979
Dean Office - 09250910768
Registrar Office - 09892297154
Email - [email protected]
Shan State Buddhist University, Phaya Phyu Taunggyi, Shan State, Myanmar.